[Event "NZL-ch Major op"]
[Site "Dunedin"]
[Date "1999.??.??"]
[Round "6.8"]
[White "Bannister, C."]
[Black "Wood, David A"]
[Result "0-1"]
[WhiteElo "1425"]
[BlackElo "1289"]
[PlyCount "40"]
[EventDate "1998.??.??"]
[EventType "swiss"]
[EventRounds "11"]
[EventCountry "NZL"]
[SourceTitle "EXT 2003"]
[Source "ChessBase"]
[SourceDate "2002.11.25"]
[SourceVersion "1"]
[SourceVersionDate "2002.11.25"]
[SourceQuality "1"]

1. e4 c5 2. Nf3 d6 3. d4 cxd4 4. Nxd4 Nf6 5. Nc3 g6 6. Be3 Bg7 7. Qd2 Nc6 8. Bb5 Bd7 9. 0-0-0 0-0 10. f3 Rc8 11. Bh6 Nxd4 12. Bxd7 Rxc3 13. bxc3 Ne2+ 14. Qxe2 Bxh6+ 15. Kb1 Nxd7 16. a4 Nc5 17. Qc4 Bg7 18. Qxc5 dxc5 19. Rxd8 Rxd8 20. Kb2 c4 0-1

[Event "NZL-ch Major op"]
[Site "Dunedin"]
[Date "1999.??.??"]
[Round "1.5"]
[White "McNabb, Matthew David"]
[Black "Bannister, C."]
[Result "1-0"]
[WhiteElo "1717"]
[BlackElo "1425"]
[PlyCount "39"]
[EventDate "1998.??.??"]
[EventType "swiss"]
[EventRounds "11"]
[EventCountry "NZL"]
[SourceTitle "EXT 2003"]
[Source "ChessBase"]
[SourceDate "2002.11.25"]
[SourceVersion "1"]
[SourceVersionDate "2002.11.25"]
[SourceQuality "1"]

1. e4 c5 2. Nf3 d6 3. d4 cxd4 4. Nxd4 Nf6 5. Nc3 a6 6. Bg5 e6 7. f4 Be7 8. Qf3 Qb6 9. 0-0-0 Nc6 10. Nb3 Qc7 11. Bd3 b5 12. e5 dxe5 13. fxe5 Nd7 14. Bxe7 Kxe7 15. Rhe1 Bb7 16. Qg3 Ncxe5 17. Be4 Bxe4 18. Rxe4 Rac8 19. Rxd7+ Nxd7 20. Nd5+ 1-0

[Event "NZL-ch Major op"]
[Site "Dunedin"]
[Date "1999.??.??"]
[Round "9.12"]
[White "Reid, David M"]
[Black "Bannister, C."]
[Result "0-1"]
[WhiteElo "1451"]
[BlackElo "1425"]
[PlyCount "72"]
[EventDate "1998.??.??"]
[EventType "swiss"]
[EventRounds "11"]
[EventCountry "NZL"]
[SourceTitle "EXT 2003"]
[Source "ChessBase"]
[SourceDate "2002.11.25"]
[SourceVersion "1"]
[SourceVersionDate "2002.11.25"]
[SourceQuality "1"]

1. e4 c5 2. Nf3 d6 3. d4 cxd4 4. Nxd4 Nf6 5. Nc3 a6 6. Bg5 e6 7. Bd3 Be7 8. Qd2 b5 9. f4 Qb6 10. Nf3 Bb7 11. f5 exf5 12. exf5 Nbd7 13. 0-0-0 0-0 14. Rhg1 d5 15. Be3 Qa5 16. Kb1 Rfd8 17. Bd4 Bc5 18. Rde1 b4 19. Ne2 Ne4 20. Bxe4 dxe4 21. Bxc5 Nxc5 22. Nfd4 Bd5 23. Nc1 Qb6 24. Qe3 Rac8 25. Qg5 Bxa2+ 26. Nxa2 Rxd4 27. Rgf1 Qf6 28. Qf4 Na4 29. Qc1 b3 30. c3 bxa2+ 31. Kxa2 Qd6 32. Qe3 Nxc3+ 33. bxc3 Qd5+ 34. Ka3 Qa5+ 35. Kb2 Rb8+ 36. Kc1 Qa1+ 0-1

[Event "NZL-ch Major op"]
[Site "Dunedin"]
[Date "1999.??.??"]
[Round "5.6"]
[White "Stracy, Don M"]
[Black "Bannister, C."]
[Result "1-0"]
[WhiteElo "1696"]
[BlackElo "1425"]
[PlyCount "105"]
[EventDate "1998.??.??"]
[EventType "swiss"]
[EventRounds "11"]
[EventCountry "NZL"]
[SourceTitle "EXT 2003"]
[Source "ChessBase"]
[SourceDate "2002.11.25"]
[SourceVersion "1"]
[SourceVersionDate "2002.11.25"]
[SourceQuality "1"]

1. e4 c5 2. Nf3 d6 3. d4 cxd4 4. Nxd4 Nf6 5. Nc3 a6 6. Bg5 e6 7. f4 b5 8. e5 h6 9. Bh4 dxe5 10. fxe5 g5 11. Bf2 Nd5 12. Ne4 Be7 13. Bd3 Qc7 14. Bg3 Nc6 15. Nxc6 Qxc6 16. Qf3 Bb7 17. 0-0 Rf8 18. Rae1 0-0-0 19. Qh5 Bc5+ 20. Nxc5 Qxc5+ 21. Bf2 Qc6 22. Be4 Qc4 23. b3 Qc7 24. Bf3 Nf4 25. Qg4 Rg8 26. Bxb7+ Qxb7 27. Be3 h5 28. Qf3 Qxf3 29. Rxf3 Ng6 30. Rxf7 Nxe5 31. Rh7 h4 32. h3 Rg6 33. Bb6 Rd6 34. Bc7 Rd7 35. Rxd7 Nxd7 36. Ba5 Kb7 37. Re2 Nc5 38. Bc3 Kc6 39. Kf2 Nb7 40. Kf3 Nd6 41. Kg4 Kd7 42. Bd2 Nf7 43. Bc3 Kc6 44. Rf2 Nd6 45. Rf6 Rxf6 46. Bxf6 Ne4 47. Bxg5 Nxg5 48. Kxg5 e5 49. Kxh4 Kd5 50. Kg3 e4 51. Kf2 Ke5 52. g4 a5 53. h4 1-0